000 00304nam a22001337a 4500
020 _a 0860360407
082 _a320.96 67 OCR
100 _aOCRAN,A K
245 _aPolitics of the sword
260 _aLondon
_bBilling and Sons
_c1977
300 _a167pg
_b20cm
500 _aIncluding Index
942 _cBK
999 _c15881
_d15881